Top 5 Rubiks Cube Solves - Statistics

General Stats
  • This quiz has been taken 172 times
  • The average score is 5 of 15
Answer Stats
Question Tile Select % Correct
Solved in 3.47 Seconds Yusheng Du Yes
92%
Solved in 4.06 Seconds A random fast guy Yes
71%
Solved 4.11 in Seconds A random fast guy Yes
70%
Solved in 4.16 Seconds A random fast guy Yes
69%
Solved in 4.24 Seconds A random fast guy Yes
66%
Solved in 4.06 Seconds Yusheng Du Yes
21%
Solved in 4.24 Seconds Yusheng Du Yes
19%
Solved 4.11 in Seconds Yusheng Yes
16%
Solved in 4.16 Seconds Yusheng Du Yes
16%
Solved 4.11 in Seconds Yusheng Du Yes
14%
Solved in 3.47 Seconds Yusheng Yes
10%
Solved in 4.06 Seconds Yusheng Yes
9%
Solved in 4.16 Seconds Yusheng Yes
9%
Solved in 4.24 Seconds Yusheng Yes
9%
Solved in 3.47 Seconds A random fast guy Yes
7%
No matching quizzes found
Score Distribution
Percent of People with Each Score
Percentile by Number Answered
Your Score History
You have not taken this quiz